000 00414nam a2200169Ia 4500
008 230524s9999 xx 000 0 und d
020 _a8190898744
082 _bRAJ
100 _aBalgopal Raju
_942023
245 0 _aFundamental of Electromagnetic Field Theory
250 _a1
260 _aBBSR
_bBK Publication
_c2009
300 _a367p;
500 _aQuantity Number: 1
650 _aPhysics
942 _cBK
999 _c56438
_d56438